Central Library OPAC University of Rajshahi

The Mughal Empire, from Bābar to Aurangzeb / (Record no. 78443)

MARC details
000 -LEADER
fixed length control field 00975nam a2200301 a 4500
001 - CONTROL NUMBER
control field 78443
003 - CONTROL NUMBER IDENTIFIER
rucl marc code BD-RjUL
005 - DATE AND TIME OF LATEST TRANSACTION
control field 20211209083129.0
008 - FIXED-LENGTH DATA ELEMENTS--GENERAL INFORMATION
fixed length control field 760304r19741974ii b 001 0 eng
035 ## - SYSTEM CONTROL NUMBER
System control number (BD-RjUL)78669
040 ## - CATALOGING SOURCE
Original cataloging agency DLC
Transcribing agency DLC
Modifying agency DLC
-- BD-RjUL
Language of cataloging eng
041 ## - LANGUAGE CODE
Language code of text/sound track or separate title eng
043 ## - GEOGRAPHIC AREA CODE
Geographic area code a-ii---
082 00 - DEWEY DECIMAL CLASSIFICATION NUMBER
Edition number 23
Classification number 954.025
Author mark and year JAM 1974
100 1# - MAIN ENTRY--PERSONAL NAME
Personal name Jaffar, S. M.
Dates associated with a name 1910-
9 (RLIN) 248332
245 14 - TITLE STATEMENT
Title The Mughal Empire, from Bābar to Aurangzeb /
Statement of responsibility, etc. by S. M. Jaffar ; with an introd. by Sir Abdul Qadir.
260 ## - PUBLICATION, DISTRIBUTION, ETC. (IMPRINT)
Place of publication, distribution, etc. Delhi :
Name of publisher, distributor, etc. Ess Ess Publications,
Date of publication, distribution, etc. 1974.
300 ## - PHYSICAL DESCRIPTION
Pagination xx, 441 p. ;
Size 22 cm.
500 ## - GENERAL NOTE
General note "First Indian reprint 1974."
General note Reprint of the 1936 ed. published by S. Muhammad Sadiq Khan Peshawar.
General note Includes index.
504 ## - BIBLIOGRAPHY, ETC. NOTE
Bibliography, etc Bibliography: p. [413]-418.
651 #0 - SUBJECT ADDED ENTRY--GEOGRAPHIC NAME
Geographic name Mogul Empire
General subdivision History.
9 (RLIN) 248333
Geographic name India
General subdivision History
Chronological subdivision 1526-1765.
9 (RLIN) 248334
942 ## - ADDED ENTRY ELEMENTS (KOHA)
Source of classification or shelving scheme Dewey Decimal Classification
Koha item type Books
Holdings
Lost status Source of classification or shelving scheme Damaged status Not for loan Collection code Permanent Location Current Location Shelving location Date acquired Source of acquisition Cost, normal purchase price Total Checkouts Full call number Date last seen Copy number Koha item type
  Dewey Decimal Classification   Not For Loan Non-fiction Central Library, University of Rajshahi Central Library, University of Rajshahi Reading Room 21/04/1976 Calcuta: K.P. Bagchi 80.00   954.025 JAM 1974 22/09/2021 C-1 Books